ბათუმის შოთა რუსთაველის სახელმწიფო უნივერსიტეტის ბიბლიოთეკა

ხის კონსტრუქციები (დაგეგმარების მაგალითები) : (ბიბ.ჩანაწერი № 38816)

000 -ლიდერი
ფიქსირებული სიგრძის საკონტროლო ველი 01122nam a2200241Ia 4500
001 - საკონტროლო ნომერი
საკონტროლო ველი 5205
003 - საკონტროლო ნომრის იდენტიფიკატორი
საკონტროლო ველი GE_BSU
005 - ბოლო ოპერაციის თარიღი და დრო
საკონტროლო ველი 20190501154542.0
008 - ფიქსირებული სიგრძის მონაცემთა ელემენტები - ზოგადი ინფორმაცია
ფიქსირებული სიგრძის საკონტროლო ველი 181216s1964||||ge |||||||||||||| ||geo||
040 ## - კატალოგიზაციის წყარო
Transcribing agency GE_BSU
041 ## - ენის კოდი
Language code of text/sound track or separate title geo
080 ## - უნივერსალური ათობითი კლასიფიკაციის ინდექსი
Universal Decimal Classification number 624.011.1 ხ-51
245 ## - ცნობა სათაურის შესახებ
Title ხის კონსტრუქციები (დაგეგმარების მაგალითები) :
Remainder of title დამხმ. სახელმძღვ. /
Statement of responsibility, etc დ.დოლიძე, ი. ბერიშვილი, კ. ურიდია, ვ. ჯავახიშვილი.
245 ## - ცნობა სათაურის შესახებ
Remainder of title .
264 ## - წარმოების, გამოცემის, დისტრიბუციის და სხვა ცნობები
გამოცემის, წარმოების, დისტრიბუციის... ადგილი თბილისი :
გამოცემის, წარმოების, დისტრიბუციის... სახელწოდება ცოდნა,
გამოცემის, წარმოების, დისტრიბუციის... თარიღი 1964.
300 ## - ფიზიკური აღწერა
Extent 171 გვ. :
Other physical details ნახაზები, დანართებ ;
Dimensions 27 სმ.
653 ## - INDEX TERM--UNCONTROLLED
Uncontrolled term ხის კონსტრუქციები
700 ## - ADDED ENTRY--PERSONAL NAME
Personal name დოლიძე, დ.
Relator term ავტორი
9 (RLIN) 452
700 ## - ADDED ENTRY--PERSONAL NAME
Personal name ბერიშვილი, ი.
Relator term ავტორი
9 (RLIN) 592
700 ## - ADDED ENTRY--PERSONAL NAME
Personal name ურიდია, კ.
Relator term ავტორი
9 (RLIN) 593
700 ## - ADDED ENTRY--PERSONAL NAME
Personal name ჯავახიშვილი, ვ.
Relator term ავტორი
9 (RLIN) 594
942 ## - ADDED ENTRY ELEMENTS (KOHA)
Koha item type წიგნი
Source of classification or shelving scheme
ეგზემპლარები
ჩამოწერის სტატუსი დაკარგული ეგზემპლარის სტატუსი კლასიფიკაციის წყარო ან თაროზე გაწყობის სქემა დაზიანების სტატუსი არ გაიცემა მუდმივი მდებარეობა (დაცვის ადგილი) ამჟამინდელი ადგილსამყოფელი თაროზე განთავსების ადგილი შეძენის თარიღი ღირებულება, შესყიდვის ნორმალური ფასი სრული შენახვის შიფრი შტრიხკოდი ბოლო ოპერაციის თარიღი ეგზემპლარის მიმდევრობითი ნომერი (კეტერი?) ფასის ძალაში შესვლის თარიღი ეგზემპლარის სახეობა საჯარო შენიშვნა
          ბათუმის შოთა რუსთაველის სახელმწიფო უნივერსიტეტის მთავარი ბიბლიოთეკა ტექნოლოგიური ფაკულტეტის ბიბლიოთეკა წიგნსაცავი 2018-12-17 1.70 624.011.1 ხ-51 11564 2018-12-17 1964 2018-12-17 წიგნი 1.70 ლ.